[Event "9th Vellmar Chess Days"]
[Site "chess24.com"]
[Date "2017.07.13"]
[Round "1"]
[White "Meijers, Viesturs"]
[Black "Lutz, Ruben"]
[Result "1-0"]
[Board "1"]
[WhiteElo "2472"]
[WhiteTitle "GM"]
[WhiteCountry "LAT"]
[WhiteFideId "11600314"]
[WhiteEloChange "1"]
[BlackElo "1959"]
[BlackCountry "GER"]
[BlackFideId "12975974"]
[BlackEloChange "-2"]

1. c4 {[%clk 1:30:47]} e6 {[%clk 1:30:56]} 2. b3 {[%clk 1:31:09]} d5 {[%clk
1:31:19]} 3. Bb2 {[%clk 1:31:35]} Nf6 {[%clk 1:31:01]} 4. g3 {[%clk 1:31:33]}
Nbd7 {[%clk 1:30:29]} 5. Bg2 {[%clk 1:31:52]} c6 {[%clk 1:30:53]} 6. Nf3 {[%clk
1:30:48]} Be7 {[%clk 1:31:12]} 7. O-O {[%clk 1:30:20]} O-O {[%clk 1:31:20]} 8. d3
{[%clk 1:27:58]} b6 {[%clk 1:30:39]} 9. e4 {[%clk 1:20:41]} Bb7 {[%clk 1:27:26]}
10. Nc3 {[%clk 1:15:31]} Rc8 {[%clk 1:25:56]} 11. Qe2 {[%clk 1:06:35]} dxe4
{[%clk 1:08:03]} 12. dxe4 {[%clk 1:06:24]} e5 {[%clk 1:07:28]} 13. Nh4 {[%clk
0:56:34]} g6 {[%clk 1:06:16]} 14. Rad1 {[%clk 0:56:25]} Qc7 {[%clk 1:05:43]} 15.
f4 {[%clk 0:56:23]} exf4 {[%clk 0:58:21]} 16. gxf4 {[%clk 0:54:20]} Rcd8 {[%clk
0:31:41]} 17. e5 {[%clk 0:45:15]} Rfe8 {[%clk 0:25:39]} 18. Kh1 {[%clk 0:43:24]}
Bf8 {[%clk 0:25:00]} 19. Qf3 {[%clk 0:34:02]} Nh5 {[%clk 0:24:47]} 20. Nf5 {[%clk
0:25:50]} Nc5 {[%clk 0:14:41]} 21. b4 {[%clk 0:20:19]} Ne6 {[%clk 0:14:19]} 22.
Nd6 {[%clk 0:20:41]} Bxd6 {[%clk 0:12:30]} 23. exd6 {[%clk 0:21:05]} Rxd6 {[%clk
0:12:07]} 24. Rxd6 {[%clk 0:12:13]} Qxd6 {[%clk 0:12:30]} 25. Ne4 {[%clk
0:12:40]} Qe7 {[%clk 0:08:41]} 26. f5 {[%clk 0:10:04]} Nf8 {[%clk 0:00:34]} 27.
Qc3 {[%clk 0:06:49]} f6 {[%clk 0:31:30]} 28. fxg6 {[%clk 0:37:50]} Nxg6 {[%clk
0:31:42]} 29. Qf3 {[%clk 0:37:27]} 1-0

[Event "9th Vellmar Chess Days"]
[Site "chess24.com"]
[Date "2017.07.13"]
[Round "1"]
[White "Maar, Samuel"]
[Black "Hoefelsauer, Thomas"]
[Result "1-0"]
[Board "2"]
[WhiteElo "1952"]
[WhiteCountry "GER"]
[WhiteFideId "12952591"]
[WhiteEloChange "18"]
[BlackElo "2395"]
[BlackTitle "FM"]
[BlackCountry "GER"]
[BlackFideId "24668842"]
[BlackEloChange "-18"]

1. e4 {[%clk 1:30:56]} c6 {[%clk 1:30:52]} 2. d4 {[%clk 1:31:21]} d5 {[%clk
1:31:18]} 3. exd5 {[%clk 1:31:48]} cxd5 {[%clk 1:31:43]} 4. c4 {[%clk 1:32:15]}
Nf6 {[%clk 1:32:07]} 5. Nc3 {[%clk 1:30:22]} g6 {[%clk 1:32:32]} 6. Bf4 {[%clk
1:28:58]} Bg7 {[%clk 1:24:50]} 7. Nf3 {[%clk 1:19:28]} O-O {[%clk 1:24:33]} 8.
Be2 {[%clk 1:15:31]} dxc4 {[%clk 1:24:16]} 9. Bxc4 {[%clk 1:09:38]} a6 {[%clk
1:21:09]} 10. Ne5 {[%clk 1:01:07]} b5 {[%clk 1:18:14]} 11. Be2 {[%clk 0:41:53]}
Bb7 {[%clk 1:14:44]} 12. Bf3 {[%clk 0:41:15]} Qb6 {[%clk 1:03:50]} 13. a4 {[%clk
0:32:07]} Nc6 {[%clk 0:59:51]} 14. Be3 {[%clk 0:28:37]} Na5 {[%clk 0:44:28]} 15.
axb5 {[%clk 0:21:30]} axb5 {[%clk 0:43:55]} 16. O-O {[%clk 0:20:58]} Rfc8 {[%clk
0:36:00]} 17. Qe2 {[%clk 0:14:35]} Rab8 {[%clk 0:28:21]} 18. d5 {[%clk 0:11:37]}
Qd8 {[%clk 0:21:38]} 19. Qxb5 {[%clk 0:08:21]} Nh5 {[%clk 0:16:32]} 20. Bb6
{[%clk 0:07:04]} Qd6 {[%clk 0:15:42]} 21. Nd7 {[%clk 0:06:47]} Nc4 {[%clk
0:09:49]} 22. Ne4 {[%clk 0:05:57]} Qf4 {[%clk 0:09:43]} 23. Nxb8 {[%clk 0:05:52]}
Qxb8 {[%clk 0:09:07]} 24. Ba7 {[%clk 0:05:58]} Qc7 {[%clk 0:08:39]} 25. Rac1
{[%clk 0:05:34]} Ba8 {[%clk 0:06:50]} 26. Be3 {[%clk 0:04:00]} Qb7 {[%clk
0:03:05]} 27. Qxb7 {[%clk 0:04:00]} Bxb7 {[%clk 0:03:34]} 28. Nc5 {[%clk
0:04:21]} Nxe3 {[%clk 0:03:05]} 29. fxe3 {[%clk 0:04:50]} Ba8 {[%clk 0:03:19]}
30. b4 {[%clk 0:04:29]} Nf6 {[%clk 0:03:26]} 31. Nd7 {[%clk 0:03:38]} Rd8 {[%clk
0:03:15]} 32. Nxf6+ {[%clk 0:03:43]} Bxf6 {[%clk 0:03:44]} 33. e4 {[%clk
0:03:55]} Rb8 {[%clk 0:02:56]} 34. Rc4 {[%clk 0:03:56]} Bb7 {[%clk 0:03:08]} 35.
b5 {[%clk 0:03:32]} Bc8 {[%clk 0:03:15]} 36. Rb1 {[%clk 0:03:42]} Kg7 {[%clk
0:03:11]} 37. Kf2 {[%clk 0:02:59]} Be5 {[%clk 0:02:40]} 38. h3 {[%clk 0:02:51]}
Bd6 {[%clk 0:01:39]} 39. Bg4 {[%clk 0:01:57]} f5 {[%clk 0:00:47]} 40. exf5 {[%clk
0:01:50]} gxf5 {[%clk 0:01:13]} 41. Be2 {[%clk 0:01:24]} Kf6 {[%clk 0:31:16]} 42.
b6 {[%clk 0:28:04]} Bb7 {[%clk 0:28:42]} 43. Bf3 {[%clk 0:27:48]} Ba6 {[%clk
0:28:35]} 44. Rc3 {[%clk 0:26:44]} Ke5 {[%clk 0:24:47]} 45. Ke3 {[%clk 0:22:45]}
f4+ {[%clk 0:21:20]} 46. Kd2 {[%clk 0:22:52]} Kd4 {[%clk 0:20:21]} 47. Re1 {[%clk
0:22:23]} Bb7 {[%clk 0:17:26]} 48. Re4+ {[%clk 0:22:46]} Kxd5 {[%clk 0:17:50]}
49. Rxe7+ {[%clk 0:23:08]} Kd4 {[%clk 0:18:05]} 50. Rd3+ {[%clk 0:23:22]} 1-0

[Event "9th Vellmar Chess Days"]
[Site "chess24.com"]
[Date "2017.07.13"]
[Round "1"]
[White "Schnepp, Gunnar"]
[Black "Kelm, Daniel"]
[Result "1-0"]
[Board "3"]
[WhiteElo "2348"]
[WhiteTitle "FM"]
[WhiteCountry "AUT"]
[WhiteFideId "1604503"]
[WhiteEloChange "2"]
[BlackElo "1950"]
[BlackCountry "GER"]
[BlackFideId "12917095"]
[BlackEloChange "-2"]

1. d4 {[%clk 1:30:58]} d5 {[%clk 1:30:40]} 2. c4 {[%clk 1:31:15]} dxc4 {[%clk
1:30:37]} 3. Nf3 {[%clk 1:19:43]} c6 {[%clk 1:29:11]} 4. e3 {[%clk 1:19:06]} b5
{[%clk 1:27:25]} 5. a4 {[%clk 1:19:18]} a5 {[%clk 1:21:54]} 6. axb5 {[%clk
1:08:26]} cxb5 {[%clk 1:20:52]} 7. b3 {[%clk 1:08:35]} Nf6 {[%clk 1:14:44]} 8.
bxc4 {[%clk 1:08:12]} b4 {[%clk 1:14:05]} 9. Ne5 {[%clk 1:03:26]} Bb7 {[%clk
0:55:32]} 10. c5 {[%clk 1:02:37]} Qc7 {[%clk 0:30:34]} 11. Bb5+ {[%clk 0:59:18]}
Nfd7 {[%clk 0:30:57]} 12. O-O {[%clk 0:57:28]} f6 {[%clk 0:21:25]} 13. Qh5+
{[%clk 0:55:42]} g6 {[%clk 0:21:44]} 14. Nxg6 {[%clk 0:55:45]} Rg8 {[%clk
0:21:29]} 15. Nf4+ {[%clk 0:54:40]} 1-0

[Event "9th Vellmar Chess Days"]
[Site "chess24.com"]
[Date "2017.07.13"]
[Round "1"]
[White "Englert, Jon"]
[Black "Humburg, Philipp"]
[Result "1-0"]
[Board "4"]
[WhiteElo "1904"]
[WhiteCountry "GER"]
[WhiteFideId "12992275"]
[WhiteEloChange "17"]
[BlackElo "2229"]
[BlackCountry "GER"]
[BlackFideId "24656151"]
[BlackEloChange "-17"]

1. d4 {[%clk 1:30:58]} d5 {[%clk 1:30:53]} 2. c4 {[%clk 1:31:06]} dxc4 {[%clk
1:31:23]} 3. Nc3 {[%clk 1:20:36]} e5 {[%clk 1:31:47]} 4. dxe5 {[%clk 1:16:16]}
Qxd1+ {[%clk 1:32:10]} 5. Nxd1 {[%clk 1:12:03]} Nc6 {[%clk 1:32:36]} 6. Bf4
{[%clk 1:09:10]} Bb4+ {[%clk 1:30:05]} 7. Nc3 {[%clk 1:07:40]} Nge7 {[%clk
1:30:28]} 8. Rd1 {[%clk 1:03:50]} Bxc3+ {[%clk 1:30:45]} 9. bxc3 {[%clk 1:04:13]}
Ng6 {[%clk 1:31:10]} 10. e3 {[%clk 1:04:05]} Ncxe5 {[%clk 1:30:04]} 11. Bg3
{[%clk 0:58:29]} Be6 {[%clk 1:24:41]} 12. Nf3 {[%clk 0:53:31]} Nxf3+ {[%clk
1:22:54]} 13. gxf3 {[%clk 0:53:54]} c6 {[%clk 1:23:14]} 14. Rd4 {[%clk 0:49:07]}
Rd8 {[%clk 1:22:17]} 15. Rxd8+ {[%clk 0:45:53]} Kxd8 {[%clk 1:22:40]} 16. Be2
{[%clk 0:45:00]} Kc8 {[%clk 1:19:55]} 17. Bd1 {[%clk 0:43:16]} Rd8 {[%clk
1:19:30]} 18. Bc2 {[%clk 0:43:01]} Nf8 {[%clk 1:14:20]} 19. Rg1 {[%clk 0:40:13]}
g6 {[%clk 1:10:54]} 20. e4 {[%clk 0:30:55]} b5 {[%clk 1:10:14]} 21. Bh4 {[%clk
0:29:40]} Re8 {[%clk 1:10:24]} 22. Rf1 {[%clk 0:27:30]} Bd7 {[%clk 1:07:48]} 23.
Bg3 {[%clk 0:25:59]} Ne6 {[%clk 1:08:01]} 24. h4 {[%clk 0:24:59]} h5 {[%clk
1:06:04]} 25. Bd6 {[%clk 0:22:05]} Nd8 {[%clk 1:03:04]} 26. Bc5 {[%clk 0:17:18]}
a6 {[%clk 1:03:22]} 27. Kd2 {[%clk 0:16:39]} Nb7 {[%clk 1:03:22]} 28. Be3 {[%clk
0:16:05]} Be6 {[%clk 1:01:14]} 29. Ke2 {[%clk 0:15:46]} Rd8 {[%clk 1:01:14]} 30.
Rg1 {[%clk 0:14:27]} Kc7 {[%clk 0:57:03]} 31. f4 {[%clk 0:13:03]} c5 {[%clk
0:55:41]} 32. a3 {[%clk 0:11:41]} Kc6 {[%clk 0:55:41]} 33. f5 {[%clk 0:09:54]}
gxf5 {[%clk 0:55:23]} 34. exf5 {[%clk 0:09:59]} Bd5 {[%clk 0:55:45]} 35. Rg5
{[%clk 0:09:39]} Rh8 {[%clk 0:55:47]} 36. f3 {[%clk 0:09:39]} Nd6 {[%clk
0:52:05]} 37. f6 {[%clk 0:05:30]} Ne8 {[%clk 0:50:06]} 38. Rf5 {[%clk 0:04:45]}
Rg8 {[%clk 0:50:22]} 39. Kf2 {[%clk 0:04:36]} a5 {[%clk 0:49:49]} 40. Bd2 {[%clk
0:04:13]} Rh8 {[%clk 0:48:39]} 41. Bf4 {[%clk 0:04:13]} Be6 {[%clk 0:43:45]} 42.
Rg5 {[%clk 0:00:39]} Bd5 {[%clk 0:38:36]} 43. Rf5 {[%clk 0:29:58]} Nd6 {[%clk
1:09:36]} 44. Re5 {[%clk 0:26:51]} Nc8 {[%clk 1:09:03]} 45. Kg3 {[%clk 0:25:34]}
Nb6 {[%clk 1:05:32]} 46. Re7 {[%clk 0:23:48]} Nd7 {[%clk 1:05:31]} 47. Bf5 {[%clk
0:20:04]} Nxf6 {[%clk 1:03:49]} 48. Be5 {[%clk 0:17:39]} Ng8 {[%clk 0:55:43]} 49.
Rc7+ {[%clk 0:11:43]} Kb6 {[%clk 0:56:04]} 50. Rd7 {[%clk 0:05:06]} f6 {[%clk
0:51:38]} 51. Bc7+ {[%clk 0:02:08]} Kc6 {[%clk 0:50:16]} 52. Bxa5 {[%clk
0:01:42]} Nh6 {[%clk 0:50:12]} 53. Rc7+ {[%clk 0:01:36]} Kd6 {[%clk 0:49:25]} 54.
Rd7+ {[%clk 0:01:34]} Ke5 {[%clk 0:48:12]} 55. Bh3 {[%clk 0:01:29]} Rg8+ {[%clk
0:46:09]} 56. Kf2 {[%clk 0:01:11]} Ng4+ {[%clk 0:44:43]} 57. fxg4 {[%clk
0:00:44]} hxg4 {[%clk 0:44:44]} 58. Bc7+ {[%clk 0:00:47]} Ke6 {[%clk 0:44:59]}
59. Rd6+ {[%clk 0:01:13]} Ke7 {[%clk 0:45:28]} 60. Bxg4 {[%clk 0:01:21]} Rxg4
{[%clk 0:45:07]} 61. Rxd5 {[%clk 0:01:33]} Rxh4 {[%clk 0:45:28]} 62. Rxc5 {[%clk
0:01:35]} Rh3 {[%clk 0:44:50]} 63. Bg3 {[%clk 0:01:15]} Rh1 {[%clk 0:45:00]} 64.
Bc7 {[%clk 0:00:54]} Ra1 {[%clk 0:44:55]} 65. Ba5 {[%clk 0:00:48]} Rxa3 {[%clk
0:45:24]} 66. Rxb5 {[%clk 0:00:58]} Ke6 {[%clk 0:45:44]} 67. Bb4 {[%clk 0:01:08]}
Ra2+ {[%clk 0:46:01]} 68. Kf3 {[%clk 0:01:25]} Rh2 {[%clk 0:46:24]} 69. Rb6+
{[%clk 0:01:31]} Kf5 {[%clk 0:46:44]} 70. Rc6 {[%clk 0:01:17]} Rh3+ {[%clk
0:46:39]} 71. Kg2 {[%clk 0:01:25]} Rh4 {[%clk 0:47:01]} 72. Be7 {[%clk 0:01:21]}
Rg4+ {[%clk 0:46:14]} 73. Kh3 {[%clk 0:01:35]} Re4 {[%clk 0:46:17]} 74. Bxf6
{[%clk 0:01:19]} Re3+ {[%clk 0:45:35]} 75. Kg2 {[%clk 0:01:33]} Re2+ {[%clk
0:45:09]} 76. Kf3 {[%clk 0:01:56]} Ra2 {[%clk 0:45:34]} 77. Bd4 {[%clk 0:01:53]}
Ra4 {[%clk 0:45:53]} 78. Rf6+ {[%clk 0:02:06]} Kg5 {[%clk 0:46:20]} 79. Ke4
{[%clk 0:02:30]} Ra5 {[%clk 0:46:33]} 80. Re6 {[%clk 0:02:43]} Kg4 {[%clk
0:46:58]} 81. Rc6 {[%clk 0:03:00]} Ra2 {[%clk 0:47:22]} 82. Kd5 {[%clk 0:03:10]}
Kf5 {[%clk 0:47:47]} 83. Rf6+ {[%clk 0:03:26]} Kg5 {[%clk 0:47:47]} 84. Kxc4
{[%clk 0:03:50]} Ra4+ {[%clk 0:48:39]} 85. Kb5 {[%clk 0:04:03]} Rxd4 {[%clk
0:49:03]} 86. cxd4 {[%clk 0:04:29]} Kxf6 {[%clk 0:49:29]} 87. Kc6 {[%clk
0:04:54]} Ke7 {[%clk 0:49:52]} 88. d5 {[%clk 0:05:18]} Kd8 {[%clk 0:50:18]} 89.
Kd6 {[%clk 0:05:45]} Kc8 {[%clk 0:50:43]} 90. Ke7 {[%clk 0:06:12]} Kb7 {[%clk
0:51:09]} 91. d6 {[%clk 0:06:39]} Kc6 {[%clk 0:51:09]} 92. d7 {[%clk 0:06:39]}
Kc5 {[%clk 0:52:02]} 93. d8Q {[%clk 0:07:28]} Kc4 {[%clk 0:52:28]} 94. Ke6 {[%clk
0:07:53]} Kc5 {[%clk 0:52:54]} 95. Qd5+ {[%clk 0:08:17]} Kb4 {[%clk 0:53:20]} 96.
Qc6 {[%clk 0:08:43]} Ka5 {[%clk 0:54:39]} 1-0

[Event "9th Vellmar Chess Days"]
[Site "chess24.com"]
[Date "2017.07.13"]
[Round "1"]
[White "George, Tom"]
[Black "Kobs, Stephan"]
[Result "0-1"]
[Board "5"]
[WhiteElo "2212"]
[WhiteCountry "GER"]
[WhiteFideId "24659487"]
[WhiteEloChange "-17"]
[BlackElo "1938"]
[BlackCountry "GER"]
[BlackFideId "4684656"]
[BlackEloChange "17"]

1. e4 {[%clk 1:30:57]} c5 {[%clk 1:30:46]} 2. Nf3 {[%clk 1:31:20]} d6 {[%clk
1:31:01]} 3. d4 {[%clk 1:31:41]} cxd4 {[%clk 1:31:18]} 4. Nxd4 {[%clk 1:32:04]}
Nf6 {[%clk 1:31:32]} 5. Nc3 {[%clk 1:32:31]} a6 {[%clk 1:31:47]} 6. Be3 {[%clk
1:32:56]} e6 {[%clk 1:31:30]} 7. Be2 {[%clk 1:32:32]} Be7 {[%clk 1:30:42]} 8. f4
{[%clk 1:32:02]} Qc7 {[%clk 1:24:52]} 9. Bf3 {[%clk 1:31:25]} O-O {[%clk
1:18:41]} 10. O-O {[%clk 1:31:30]} Nc6 {[%clk 1:18:16]} 11. Qe1 {[%clk 1:26:47]}
Bd7 {[%clk 1:16:18]} 12. Qg3 {[%clk 1:16:38]} Kh8 {[%clk 1:05:41]} 13. Rad1
{[%clk 1:12:54]} Rac8 {[%clk 1:05:12]} 14. Nxc6 {[%clk 1:06:53]} Bxc6 {[%clk
1:03:42]} 15. Qh3 {[%clk 1:05:41]} b5 {[%clk 0:55:51]} 16. f5 {[%clk 0:52:00]} b4
{[%clk 0:44:14]} 17. Ne2 {[%clk 0:51:25]} e5 {[%clk 0:40:28]} 18. Ng3 {[%clk
0:36:49]} Qb7 {[%clk 0:17:00]} 19. Bg5 {[%clk 0:30:18]} Rfd8 {[%clk 0:14:54]} 20.
Rfe1 {[%clk 0:27:33]} d5 {[%clk 0:09:26]} 21. exd5 {[%clk 0:24:38]} Bxd5 {[%clk
0:06:41]} 22. Bxd5 {[%clk 0:12:28]} Rxd5 {[%clk 0:05:42]} 23. Rc1 {[%clk
0:12:26]} Rc4 {[%clk 0:04:27]} 24. Re2 {[%clk 0:09:10]} Ng4 {[%clk 0:03:25]} 25.
Ne4 {[%clk 0:05:33]} Rxe4 {[%clk 0:03:23]} 26. Rxe4 {[%clk 0:05:14]} Bxg5 {[%clk
0:03:21]} 27. Qxg4 {[%clk 0:03:07]} Bxc1 {[%clk 0:03:25]} 28. f6 {[%clk 0:03:16]}
Qb6+ {[%clk 0:02:31]} 29. Kh1 {[%clk 0:03:11]} Qxf6 {[%clk 0:02:56]} 0-1

[Event "9th Vellmar Chess Days"]
[Site "chess24.com"]
[Date "2017.07.13"]
[Round "1"]
[White "Zell, Daniel"]
[Black "Garbe, Ralf"]
[Result "1/2-1/2"]
[Board "6"]
[WhiteElo "1938"]
[WhiteCountry "GER"]
[WhiteFideId "12937940"]
[WhiteEloChange "7"]
[BlackElo "2213"]
[BlackCountry "GER"]
[BlackFideId "4651022"]
[BlackEloChange "-7"]

1. e4 {[%clk 1:30:57]} d5 {[%clk 1:30:05]} 2. exd5 {[%clk 1:31:21]} Qxd5 {[%clk
1:30:34]} 3. Nc3 {[%clk 1:31:34]} Qa5 {[%clk 1:31:01]} 4. d4 {[%clk 1:31:58]} c6
{[%clk 1:31:17]} 5. Nf3 {[%clk 1:31:43]} Nf6 {[%clk 1:31:21]} 6. Bd3 {[%clk
1:31:37]} Bg4 {[%clk 1:31:34]} 7. O-O {[%clk 1:31:35]} e6 {[%clk 1:31:46]} 8. Be3
{[%clk 1:27:07]} Nbd7 {[%clk 1:31:32]} 9. a3 {[%clk 1:23:52]} Bd6 {[%clk
1:31:21]} 10. h3 {[%clk 1:22:47]} Bh5 {[%clk 1:31:24]} 11. b4 {[%clk 1:22:38]}
Qc7 {[%clk 1:31:35]} 12. Be2 {[%clk 1:11:41]} O-O {[%clk 1:31:19]} 13. Nd2 {[%clk
1:09:59]} Bxe2 {[%clk 1:07:59]} 14. Nxe2 {[%clk 1:10:10]} e5 {[%clk 1:07:17]} 15.
Re1 {[%clk 1:00:04]} Rfe8 {[%clk 1:06:32]} 16. c4 {[%clk 0:57:22]} exd4 {[%clk
1:04:34]} 17. Nxd4 {[%clk 0:54:49]} b6 {[%clk 0:54:44]} 18. N2f3 {[%clk 0:50:08]}
g6 {[%clk 0:44:38]} 19. b5 {[%clk 0:39:14]} c5 {[%clk 0:42:10]} 20. Nc6 {[%clk
0:36:14]} Nb8 {[%clk 0:41:14]} 21. Nxb8 {[%clk 0:35:31]} Raxb8 {[%clk 0:41:32]}
22. Qc2 {[%clk 0:32:37]} Bf4 {[%clk 0:39:20]} 23. Qc1 {[%clk 0:30:34]} Nh5 {[%clk
0:29:32]} 24. Qc3 {[%clk 0:23:11]} Rbd8 {[%clk 0:27:32]} 25. Bxf4 {[%clk
0:21:34]} Nxf4 {[%clk 0:25:54]} 26. Qf6 {[%clk 0:21:34]} 1/2-1/2

[Event "9th Vellmar Chess Days"]
[Site "chess24.com"]
[Date "2017.07.13"]
[Round "1"]
[White "Kearns, Christopher"]
[Black "Knoth, Eugen"]
[Result "1-0"]
[Board "7"]
[WhiteElo "2212"]
[WhiteCountry "GER"]
[WhiteFideId "24642118"]
[WhiteEloChange "3"]
[BlackElo "1936"]
[BlackCountry "GER"]
[BlackFideId "4650395"]
[BlackEloChange "-3"]

1. e4 {[%clk 1:30:55]} e6 {[%clk 1:30:42]} 2. d4 {[%clk 1:31:21]} d5 {[%clk
1:31:07]} 3. e5 {[%clk 1:31:45]} c5 {[%clk 1:31:17]} 4. c3 {[%clk 1:32:13]} Nc6
{[%clk 1:31:28]} 5. Nf3 {[%clk 1:32:41]} Bd7 {[%clk 1:31:26]} 6. Bd3 {[%clk
1:33:05]} cxd4 {[%clk 1:24:27]} 7. cxd4 {[%clk 1:28:00]} Be7 {[%clk 1:24:46]} 8.
O-O {[%clk 1:27:39]} f6 {[%clk 1:25:08]} 9. Nc3 {[%clk 1:19:13]} f5 {[%clk
1:18:25]} 10. Re1 {[%clk 1:05:55]} a6 {[%clk 1:17:37]} 11. a3 {[%clk 1:03:33]} h5
{[%clk 1:16:37]} 12. Qc2 {[%clk 0:50:29]} g6 {[%clk 1:16:35]} 13. Bd2 {[%clk
0:38:49]} Rc8 {[%clk 1:03:47]} 14. b4 {[%clk 0:28:37]} Na7 {[%clk 1:01:52]} 15.
Qb3 {[%clk 0:22:57]} Bb5 {[%clk 0:58:15]} 16. Nxb5 {[%clk 0:22:23]} Nxb5 {[%clk
0:58:32]} 17. a4 {[%clk 0:22:02]} Nc7 {[%clk 0:57:48]} 18. b5 {[%clk 0:19:34]}
Kf7 {[%clk 0:52:19]} 19. b6 {[%clk 0:19:11]} Ne8 {[%clk 0:49:15]} 20. Rec1 {[%clk
0:19:14]} Rb8 {[%clk 0:42:53]} 21. Rc2 {[%clk 0:16:40]} g5 {[%clk 0:43:09]} 22.
Rac1 {[%clk 0:13:58]} g4 {[%clk 0:43:25]} 23. Ne1 {[%clk 0:12:44]} Kg6 {[%clk
0:43:36]} 24. a5 {[%clk 0:12:32]} Bg5 {[%clk 0:43:24]} 25. f4 {[%clk 0:10:41]}
Bh6 {[%clk 0:41:24]} 26. Qa4 {[%clk 0:10:26]} Ne7 {[%clk 0:41:25]} 27. g3 {[%clk
0:08:45]} Bf8 {[%clk 0:37:04]} 28. Ng2 {[%clk 0:08:39]} Kh6 {[%clk 0:37:13]} 29.
Nh4 {[%clk 0:07:42]} Ng7 {[%clk 0:37:00]} 30. Rc7 {[%clk 0:07:30]} Ng6 {[%clk
0:37:24]} 31. Nxg6 {[%clk 0:07:35]} Kxg6 {[%clk 0:37:52]} 32. Rd7 {[%clk
0:06:56]} Qe8 {[%clk 0:37:48]} 33. Rcc7 {[%clk 0:07:17]} Kh6 {[%clk 0:37:11]} 34.
Qc2 {[%clk 0:06:50]} h4 {[%clk 0:37:08]} 35. Be1 {[%clk 0:05:44]} hxg3 {[%clk
0:37:22]} 36. hxg3 {[%clk 0:05:38]} Kh7 {[%clk 0:30:17]} 37. Bb4 {[%clk 0:06:00]}
Bxb4 {[%clk 0:29:44]} 38. Qh2+ {[%clk 0:05:50]} Kg6 {[%clk 0:29:26]} 39. Rxg7#
{[%clk 0:06:16]} 1-0

[Event "9th Vellmar Chess Days"]
[Site "chess24.com"]
[Date "2017.07.13"]
[Round "1"]
[White "Thomasson, Staffan"]
[Black "Chandler, Patrick"]
[Result "0-1"]
[Board "8"]
[WhiteElo "1921"]
[WhiteCountry "SWE"]
[WhiteFideId "1706284"]
[WhiteEloChange "-3"]
[BlackElo "2206"]
[BlackCountry "GER"]
[BlackFideId "4624041"]
[BlackEloChange "3"]

1. c4 {[%clk 1:30:55]} e5 {[%clk 1:30:55]} 2. g3 {[%clk 1:31:18]} Nc6 {[%clk
1:31:05]} 3. Bg2 {[%clk 1:31:36]} g6 {[%clk 1:31:31]} 4. Nc3 {[%clk 1:31:29]} Bg7
{[%clk 1:31:50]} 5. Nf3 {[%clk 1:28:17]} Nge7 {[%clk 1:31:36]} 6. O-O {[%clk
1:25:12]} Nf5 {[%clk 1:28:01]} 7. e3 {[%clk 1:18:39]} O-O {[%clk 1:27:38]} 8. Rb1
{[%clk 1:18:20]} Nce7 {[%clk 1:24:12]} 9. d4 {[%clk 1:10:16]} exd4 {[%clk
1:24:34]} 10. Nxd4 {[%clk 1:03:14]} Nxd4 {[%clk 1:24:44]} 11. exd4 {[%clk
1:03:42]} Nf5 {[%clk 1:24:11]} 12. d5 {[%clk 1:03:39]} c5 {[%clk 1:23:44]} 13.
dxc6 {[%clk 0:40:22]} dxc6 {[%clk 1:24:02]} 14. Qa4 {[%clk 0:35:40]} Nd4 {[%clk
1:22:18]} 15. Be3 {[%clk 0:30:29]} c5 {[%clk 1:19:44]} 16. Nd5 {[%clk 0:28:08]}
Bf5 {[%clk 1:19:43]} 17. Bxd4 {[%clk 0:22:44]} cxd4 {[%clk 1:19:23]} 18. Rbd1
{[%clk 0:22:52]} h5 {[%clk 1:18:57]} 19. Rfe1 {[%clk 0:22:31]} Kh7 {[%clk
1:17:40]} 20. Re7 {[%clk 0:20:22]} b5 {[%clk 1:17:14]} 21. Qxb5 {[%clk 0:19:12]}
Rb8 {[%clk 1:17:03]} 22. Rb7 {[%clk 0:19:20]} Bc2 {[%clk 1:16:40]} 23. Rd2 {[%clk
0:17:22]} Rxb7 {[%clk 1:15:49]} 24. Qxb7 {[%clk 0:17:50]} Qa5 {[%clk 1:13:20]}
25. Nb4 {[%clk 0:11:47]} Bf5 {[%clk 1:11:51]} 26. Rd1 {[%clk 0:10:43]} Qe5 {[%clk
1:10:13]} 27. Bf3 {[%clk 0:08:34]} Rb8 {[%clk 1:10:28]} 28. Nc6 {[%clk 0:07:21]}
Rxb7 {[%clk 1:10:06]} 29. Nxe5 {[%clk 0:07:45]} Rxb2 {[%clk 1:10:00]} 30. Nxf7
{[%clk 0:07:27]} Bc2 {[%clk 1:06:52]} 31. Rd2 {[%clk 0:06:17]} Bf6 {[%clk
1:05:13]} 32. c5 {[%clk 0:04:54]} d3 {[%clk 1:04:56]} 33. c6 {[%clk 0:03:58]} Rb5
{[%clk 1:03:04]} 34. Nd6 {[%clk 0:03:27]} Rc5 {[%clk 1:03:01]} 35. Ne4 {[%clk
0:02:33]} Rxc6 {[%clk 1:03:19]} 36. Nxf6+ {[%clk 0:02:25]} Rxf6 {[%clk 1:03:24]}
37. Be4 {[%clk 0:02:08]} Rd6 {[%clk 1:03:32]} 38. f4 {[%clk 0:01:58]} Rd4 {[%clk
1:03:46]} 39. Bc6 {[%clk 0:01:51]} Rb4 {[%clk 1:03:22]} 40. Kf2 {[%clk 0:01:50]}
Kg7 {[%clk 1:02:38]} 41. Ke3 {[%clk 0:01:55]} Rb2 {[%clk 1:01:30]} 42. a4 {[%clk
0:29:31]} a5 {[%clk 1:32:20]} 43. Bb5 {[%clk 0:28:22]} Rb4 {[%clk 1:31:45]} 44.
Bxd3 {[%clk 0:24:09]} Bxd3 {[%clk 1:32:06]} 45. Kxd3 {[%clk 0:23:50]} Rxa4 {[%clk
1:32:16]} 46. Kc3 {[%clk 0:24:07]} Ra3+ {[%clk 1:32:31]} 47. Kb2 {[%clk 0:20:25]}
Rf3 {[%clk 1:32:44]} 48. Rd7+ {[%clk 0:16:13]} Kh6 {[%clk 1:32:42]} 49. Ra7
{[%clk 0:14:17]} h4 {[%clk 1:32:06]} 50. Rxa5 {[%clk 0:13:52]} hxg3 {[%clk
1:31:32]} 51. hxg3 {[%clk 0:14:13]} Rxg3 {[%clk 1:31:49]} 52. Kc2 {[%clk
0:10:03]} Rf3 {[%clk 1:31:10]} 53. Ra4 {[%clk 0:09:56]} Kh5 {[%clk 1:30:13]} 54.
Ra5+ {[%clk 0:09:56]} Kh4 {[%clk 1:30:11]} 55. Rg5 {[%clk 0:10:12]} Rg3 {[%clk
1:30:30]} 56. Rd5 {[%clk 0:08:08]} Kg4 {[%clk 1:30:36]} 57. Rd4 {[%clk 0:07:54]}
Rf3 {[%clk 1:29:14]} 58. Rd6 {[%clk 0:06:43]} Kf5 {[%clk 1:28:25]} 59. Kd2 {[%clk
0:07:02]} Rxf4 {[%clk 1:28:36]} 60. Ke3 {[%clk 0:05:56]} g5 {[%clk 1:26:52]} 61.
Rd8 {[%clk 0:05:13]} Kg4 {[%clk 1:24:53]} 62. Rg8 {[%clk 0:05:33]} Rf7 {[%clk
1:24:35]} 63. Ke2 {[%clk 0:05:46]} Kh4 {[%clk 1:24:29]} 64. Rc8 {[%clk 0:02:47]}
Kg3 {[%clk 1:23:14]} 65. Rc3+ {[%clk 0:02:14]} Kg2 {[%clk 1:23:18]} 66. Rc5
{[%clk 0:02:24]} Re7+ {[%clk 1:23:31]} 67. Kd2 {[%clk 0:02:39]} g4 {[%clk
1:23:54]} 68. Rg5 {[%clk 0:02:49]} g3 {[%clk 1:24:11]} 69. Rg6 {[%clk 0:03:04]}
Re5 {[%clk 1:23:36]} 70. Rg7 {[%clk 0:02:51]} Kf2 {[%clk 1:23:43]} 71. Rf7+
{[%clk 0:02:10]} Kg1 {[%clk 1:23:54]} 72. Rg7 {[%clk 0:02:34]} g2 {[%clk
1:24:13]} 73. Rf7 {[%clk 0:00:42]} Rh5 {[%clk 1:23:10]} 74. Rf6 {[%clk 0:00:42]}
0-1